Návrh opatrení na zlepšenie systému vzdelávania zamestnancov v podniku Meriot, s.r.o.

Guardado en:
Detalles Bibliográficos
Autor principal: Vrana, Emil, 1989- (Autor)
Otros Autores: Mrvová, Ľubica, 1959- (Orientador)
Formato: Manuscrito Libro
Lenguaje:eslovaco
Publicado: Trnava : STU v Bratislave MTF UPMK, 2014
Materias:
Acceso en línea:VAIS
Etiquetas: Agregar Etiqueta
Sin Etiquetas, Sea el primero en etiquetar este registro!

MARC

LEADER 00000ntm a22000003a 4500
001 stu293039
005 20150617230316.0
008 140708s2014----xo------------------slo-d
040 |a STU  |b slo 
041 0 |a slo 
044 |a xo 
100 1 |a Vrana, Emil,  |d 1989-  |4 aut  |u M  |T MTF Materiálovotechnologická fakulta  |X 66615  |U M  |Y 60  |7 A000066615 
242 0 0 |a Proposed measures to improve the education system in the enterprise Meriot Ltd.  |y eng 
245 1 |a Návrh opatrení na zlepšenie systému vzdelávania zamestnancov v podniku Meriot, s.r.o. 
260 |a Trnava :  |b STU v Bratislave MTF UPMK,  |c 2014 
300 |a 61s  |c CD 
650 7 |a personálna práca v priemyselnom podniku  |2 stusub 
650 7 |a Personnel Policy in Industrial Plant  |2 estusub 
650 7 |a business  |2 estusub 
650 7 |a education  |2 estusub 
650 7 |a bakalárska práca  |2 stusub 
650 7 |a podnik  |2 stusub 
650 7 |a metódy vzdelávania  |2 stusub 
650 7 |a zamestnanec  |2 stusub 
650 7 |a vzdelávanie  |2 stusub 
700 1 |a Mrvová, Ľubica,  |d 1959-  |4 ths  |u M4000  |U MTF Materiálovotechnologická fakulta  |T MTF Ústav priemyselného inžinierstva a manažmentu  |X 1484  |U M4000  |Y 84  |7 A000001484 
856 4 |a info a plný text  |u http://is.stuba.sk/zp/portal_zp.pl?podrobnosti=96013  |3 VAIS 
996 |c M*BP-6935  |l MMSKP  |s P  |a 0  |w stu293039_0001